000 00548nam a2200193 a 4500
001 1770453313358
003 YourLibrary
005 20260207140846.0
008 260207s2004##################000#0#eng##
020 _a9781840649949
082 0 4 _a330.17
_bCOL
100 1 _aColombatto, Enrico,
_eauthor.
245 1 0 _aThe Elgar Companion to the Economics of Property Rights :
260 _bEdward Elgar Publishing,
_c2004.
300 _a584 pages
650 0 _aBusiness & Economics.
942 _cENGLISH
040 _aYourLibrary
_beng
_cYourLibrary
999 _c611091
_d611091